| 000 | 00618nam a2200205 a 4500 | ||
|---|---|---|---|
| 005 | 20230221063557.0 | ||
| 008 | 031127s1986 mx r 000 0 spa d | ||
| 020 | _a8425414911 | ||
| 035 | _aUPN01000131037 | ||
| 049 | _aCG | ||
| 050 | 4 |
_aLB2806.15 _bR6.6 |
|
| 100 | 1 | _aRowntree, Derek | |
| 245 | 1 | 0 |
_aPreparación de cursos para estudiantes / _cDerek Rowntree ; tr. de Diorki. |
| 260 |
_aBarcelona, Esp. : _bHerder, _c1986. |
||
| 300 | _a367 p. | ||
| 534 |
_pTraducción de: _tDeveloping courses for students |
||
| 650 | 2 |
_aPlanificación curricular _95734 |
|
| 650 | 4 | _aORGANIZACION DE CURSOS | |
| 905 | _aLibro | ||
| 999 |
_c103192 _d103192 |
||